000 00562nam a2200229Ia 4500
003 OSt
005 20220912153112.0
006 a|||||r|||| 00| 0
007 ta
008 220909b |||||||| |||| 00| 0 eng d
024 _a21182
037 _cTextual
040 _aCSL
_beng
_cCSL
041 _aeng
082 _aB2893, K87
100 _aKrall Allan M
245 0 _aStability techniques for continuous linear systems
260 _c1967
300 _ap.
_ccm.
942 _hB2893, K87
_cTEXL
_2CC
999 _c98069
_d98069